| 000 | 01377nam a2200349 i 4500 | ||
|---|---|---|---|
| 003 | DO-SdBNP | ||
| 005 | 20250626113154.0 | ||
| 007 | ta | ||
| 008 | 221114b2019 dr ||||| |||| 00| 0 spa d | ||
| 020 | _a9789945580761 | ||
| 040 |
_aDO-SdBNP _bspa _cBNPHU _erda |
||
| 082 | 4 |
_a512.5 _bV297a, 2019 _222 |
|
| 100 |
_aVargas, Elizabeth, _eautor _4aut. _982679 |
||
| 245 | 1 | 0 |
_aÁlgebra lineal / _cElizabeth Vargas, Luis A Núñez, Eunice Boada ; editor, Lennys Tejada Betancourt |
| 264 | 1 |
_aSanto Domingo : _bUAPA, _c2019. |
|
| 300 |
_a371 páginas ; _c27 cm. |
||
| 336 |
_atexto _btxt _2rdacontent |
||
| 337 |
_asin mediación _bn _2rdamedia |
||
| 338 |
_avolumen _bnc _2rdacarrier |
||
| 490 |
_aAprendizaje _v6 |
||
| 590 | _aInventariado, 2022/BT | ||
| 650 | 4 |
_aÁlgebras lineales _xProblemas, ejercicios, etc. _920000 |
|
| 650 | 4 |
_aÁlgebra vectorial _xProblemas, ejercicios, etc. _920001 |
|
| 650 | 4 |
_aMatrices (Matemáticas) _xProblemas, ejercicios,etc. _920002 |
|
| 650 | 4 |
_aDeterminantes _xProblemas, ejercicios, etc. _920003 |
|
| 700 | 1 |
_aNúñez, Luis A. _eautor _4aut. _982808 |
|
| 700 | 1 |
_aBoada, Eunice, _eautor _4aut. _982809 |
|
| 700 | 1 |
_aTejada Betancourt, Lennys, _eeditor _4ed. _979591 |
|
| 710 | 2 |
_a Universidad Abierta para Adultos (Santiago de los Caballeros, República Dominicana) _981179 |
|
| 910 | _aBtavárez/Validado. Control de calidad MFF | ||
| 942 |
_2ddc _cLBS1 |
||
| 999 |
_c52899 _d52899 |
||